| 000 | 00469cam a2200193ua 4500 | ||
|---|---|---|---|
| 020 | _cRs.1.20 | ||
| 041 |
_amal _h |
||
| 082 |
_a894.812308 _bVAL/KA |
||
| 100 | _aValadi, p . | ||
| 245 |
_aKannirinte kalithoni / _cValadi,P.. _hTextual Documents |
||
| 250 |
_a1 / _b. |
||
| 260 |
_aChampakulam : _bB.K.M book depot , _c1958. |
||
| 300 | _a123 ; . | ||
| 365 | _aRs.1.20 | ||
| 504 | _a | ||
| 700 | 1 | _aKeshavakurup, . | |
| 942 | _cBK | ||
| 999 |
_c175 _d175 |
||